[Event "Coupe 2000"]
[Site "?"]
[Date "2012.02.12"]
[Round "1.1"]
[White "Konopka, Jeremiasz"]
[Black "Forissier, Nicolas"]
[Result "1-0"]
[WhiteElo "1957"]
[BlackElo "1982"]
[Annotator "Rivier,Sylvain"]
[PlyCount "109"]
[EventDate "2012.02.12"]
[SourceDate "2012.02.12"]

{Partie espagnole, gambit Jänisch} 1. e4 e5 2. Nf3 Nc6 3. Bb5 f5 4. d3 Nf6 5.
O-O d6 6. Nc3 Be7 7. Nd5 O-O 8. Bc4 Kh8 9. Nxe7 Qxe7 10. Bg5 h6 11. Nh4 Qe8 12.
exf5 Ne7 13. Bxf6 Rxf6 14. Re1 Nxf5 15. Nxf5 Bxf5 16. f4 Rg6 17. Qf3 c6 18.
fxe5 Bg4 19. Qf7 d5 20. Qxe8+ Rxe8 21. Bb3 Bh3 22. Re2 Bg4 23. Re3 d4 24. Rg3
Rxe5 25. Rf1 Kh7 26. Bf7 Rgg5 27. h4 Rgf5 28. Rxg4 Rxf1+ 29. Kxf1 Rf5+ 30. Ke2
Rxf7 31. Rxd4 Kg6 32. g4 a6 33. Rd6+ Kh7 34. Ke3 Kg8 35. Re6 Kf8 36. a4 Rf1 37.
Kd4 Rg1 38. Re4 Rh1 39. h5 Rh2 40. Kc3 Kf7 41. a5 Kf6 42. Rb4 Kg5 43. Rxb7 Kxg4
44. Rxg7+ Kf5 45. Rc7 Rxh5 46. Rxc6 Rg5 47. Rxh6 Ke5 48. Rxa6 Kd5 49. Rb6 Rg7
50. Kb4 Ra7 51. a6 Rc7 52. c4+ Kd4 53. Rd6+ Ke5 54. Rd5+ Ke6 55. Kb5 1-0

[Event "Coupe 2000"]
[Site "?"]
[Date "2012.02.12"]
[Round "1.2"]
[White "Girault, Christian"]
[Black "Kurz, Rainer"]
[Result "1-0"]
[WhiteElo "1937"]
[BlackElo "1499"]
[Annotator "Rivier,Sylvain"]
[PlyCount "32"]
[EventDate "2012.02.12"]
[SourceDate "2012.02.12"]

1. b4 e5 2. Bb2 d5 3. Nf3 Nf6 4. a3 Be7 5. e3 Bd7 6. Be2 a6 7. O-O O-O 8. d3 c5
9. bxc5 Bxc5 10. Nbd2 Bc6 11. Nxe5 Nbd7 12. Nxc6 bxc6 13. Nf3 h6 14. Nd4 Qc7
15. Bf3 Rab8 16. Bc3 Bd6 {suite illisible} 1-0

[Event "Coupe 2000"]
[Site "?"]
[Date "2012.02.12"]
[Round "1.3"]
[White "Maufras, Jerome"]
[Black "Barthomier, Gilles"]
[Result "1-0"]
[WhiteElo "1962"]
[BlackElo "1860"]
[Annotator "Rivier,Sylvain"]
[PlyCount "55"]
[EventDate "2012.02.12"]
[SourceDate "2012.02.12"]

{Ouverture anglaise, variante Nimzovitch} 1. c4 e5 2. g3 Nf6 3. Bg2 c6 4. d4
Bb4+ 5. Nc3 Bxc3+ 6. bxc3 e4 7. Ba3 d6 8. Qb1 O-O 9. Bxe4 Nxe4 10. Qxe4 b6 11.
Qf4 c5 12. Qf3 d5 13. Qxd5 Qxd5 14. cxd5 Nd7 15. O-O-O Ba6 16. Rd2 Bc4 17. e4
Rfc8 18. Nf3 Nf6 19. Re1 cxd4 20. Nxd4 Bxd5 21. exd5 Nxd5 22. Nf5 g6 23. Rxd5
gxf5 24. Kb2 Rc4 25. Rxf5 Rac8 26. Re3 a6 27. Ref3 R8c7 28. Bd6 1-0

[Event "Coupe 2000"]
[Site "?"]
[Date "2012.02.12"]
[Round "1.4"]
[White "Branson, James"]
[Black "Roux, Jean Luc"]
[Result "0-1"]
[WhiteElo "1732"]
[BlackElo "1846"]
[Annotator "Rivier,Sylvain"]
[PlyCount "106"]
[EventDate "2012.02.12"]
[SourceDate "2012.02.12"]

{Défense sicilienne, variante Alapine} 1. e4 c5 2. Nf3 Nc6 3. c3 d5 4. exd5
Qxd5 5. Be2 Nf6 6. O-O e5 7. d3 Be7 8. Be3 O-O 9. Nbd2 Bf5 10. Nc4 b5 11. Na3
a6 12. c4 bxc4 13. dxc4 Qxd1 14. Rfxd1 Nd4 15. Kf1 Ng4 16. Bd2 Nxf3 17. Bxf3
Nxh2+ 18. Kg1 Nxf3+ 19. gxf3 Rfd8 20. Bc3 f6 21. Re1 Kf7 22. Rac1 Rd7 23. Nc2
Bxc2 24. Rxc2 Rad8 25. Rce2 Rd1 26. Kg2 Rxe1 27. Rxe1 h5 28. Re4 g5 29. Kh3 Rd1
30. Kg2 Ke6 31. Re2 Bd6 32. Ba5 Kf5 33. b3 Rd4 34. Rd2 Rxd2 35. Bxd2 e4 36. Ba5
exf3+ 37. Kxf3 g4+ 38. Kg2 Ke4 39. Bb6 Kd3 40. Ba7 Kc2 41. b4 cxb4 42. c5 Be5
43. c6 Bc7 44. Bd4 f5 45. f3 Kb1 46. Bc5 a5 47. a3 b3 48. fxg4 fxg4 49. Bf2 Ka2
50. Bg3 Bb6 51. c7 Bxc7 52. Bxc7 b2 53. Bxa5 b1=Q 0-1

[Event "Coupe 2000"]
[Site "?"]
[Date "2012.02.12"]
[Round "1.5"]
[White "Leclerc, Arnaud"]
[Black "Bouvier, Clement"]
[Result "1-0"]
[WhiteElo "1910"]
[BlackElo "1850"]
[Annotator "Rivier,Sylvain"]
[PlyCount "111"]
[EventDate "2012.02.12"]
[SourceDate "2012.02.12"]

{Ouverture Bird} 1. f4 e5 2. fxe5 d6 3. exd6 Bxd6 4. Nf3 Nf6 5. d4 O-O 6. Nc3
Re8 7. Bg5 h6 8. Bxf6 Qxf6 9. Qd3 Bf5 10. e4 Bb4 11. O-O-O Bxc3 12. exf5 Bb4
13. Qb5 Qe7 14. Bd3 c6 15. Qe5 Qd8 16. Qg3 Nd7 17. c3 Be7 18. Rhe1 Qa5 19. Kb1
Bf6 20. Rxe8+ Rxe8 21. Re1 Rxe1+ 22. Qxe1 Kf8 23. Qg3 Qd8 24. Qd6+ Be7 25. Qf4
Bf6 26. Bc2 c5 27. Qd6+ Be7 28. Qd5 Qe8 29. Qxb7 cxd4 30. Ba4 Nc5 31. Bxe8 Nxb7
32. Bc6 Nd8 33. Bd5 dxc3 34. bxc3 Bd6 35. Kc2 f6 36. Kd3 Nf7 37. Bxf7 Kxf7 38.
Ke4 Ke7 39. Kd5 Kd7 40. c4 Bc7 41. c5 Bb8 42. h3 Bg3 43. Nd4 Ke7 44. Nc6+ Kf7
45. Nxa7 g6 46. fxg6+ Kxg6 47. Nb5 Kf5 48. a4 Kf4 49. a5 Ke3 50. a6 Bb8 51. c6
f5 52. a7 Bxa7 53. Nxa7 f4 54. c7 Kf2 55. c8=Q Kxg2 56. Qg4+ 1-0

[Event "Coupe 2000"]
[Site "?"]
[Date "2012.02.12"]
[Round "1.6"]
[White "Galtier, Antoine"]
[Black "Degremont, Patrick"]
[Result "0-1"]
[WhiteElo "1799"]
[BlackElo "1845"]
[Annotator "Rivier,Sylvain"]
[PlyCount "73"]
[EventDate "2012.02.12"]
[SourceDate "2012.02.12"]

{Partie du pion dame} 1. d4 e6 2. Nf3 d5 3. e3 Nf6 4. Bd3 c5 5. b3 cxd4 6. exd4
Be7 7. Bb2 Nc6 8. Nbd2 Bd7 9. O-O O-O 10. Ne5 Rc8 11. a3 Ne8 12. f4 g6 13. Qg4
f5 14. Qe2 Nf6 15. Ndf3 Ne4 16. Nxc6 Bxc6 17. c4 Bf6 18. Ne5 Bxe5 19. fxe5 b6
20. Rac1 Bb7 21. b4 dxc4 22. Bxc4 Bd5 23. Ba6 Rxc1 24. Rxc1 Kg7 25. Rc8 Qd7 26.
Rc1 Rf7 27. Qc2 Qe7 28. Rd1 g5 29. Qc8 Bb7 30. Bxb7 Qxb7 31. Rc1 Qxc8 32. Rxc8
Rd7 33. Kf1 f4 34. Ke2 h5 35. Kd3 Nf2+ 36. Ke2 Ng4 37. h3 {suite non notée} 0-1

[Event "Coupe 2000"]
[Site "?"]
[Date "2012.02.12"]
[Round "1.7"]
[White "Delpech, Olivier"]
[Black "Wyler, Luc"]
[Result "1-0"]
[WhiteElo "1714"]
[BlackElo "1499"]
[Annotator "Rivier,Sylvain"]
[PlyCount "51"]
[EventDate "2012.02.12"]
[SourceDate "2012.02.12"]

{Ouverture anglaise, variante Kérès} 1. c4 e5 2. Nc3 Nf6 3. g3 Bc5 4. e3 O-O 5.
Bg2 c6 6. d4 exd4 7. exd4 Bb4 8. Nge2 Re8 9. O-O d5 10. cxd5 cxd5 11. Bg5 Be7
12. Bxf6 Bxf6 13. Nxd5 Be6 14. Nxf6+ Qxf6 15. Bxb7 Nd7 16. Bxa8 Rxa8 17. Nf4
Bc4 18. Re1 g6 19. b3 Bb5 20. Rc1 Rd8 21. d5 Nb6 22. Rc5 Ba6 23. a4 Bb7 24. a5
Nd7 25. Rc7 Bc8 26. Qc2 1-0

[Event "Coupe 2000"]
[Site "?"]
[Date "2012.02.12"]
[Round "1.8"]
[White "Tache, Benjamin"]
[Black "Mongey, Alain"]
[Result "1-0"]
[WhiteElo "1960"]
[BlackElo "1698"]
[Annotator "Rivier, Sylain"]
[PlyCount "105"]
[EventDate "2012.02.12"]
[SourceDate "2012.02.12"]

{Gambit dame} 1. d4 e6 2. c4 d5 3. Nc3 Nf6 4. Nf3 Nbd7 5. Bg5 Be7 6. e3 h6 7.
Bh4 c6 8. Qc2 dxc4 9. Bxc4 Nd5 10. Bxe7 Qxe7 11. O-O N7f6 12. e4 Nb6 13. Bd3
O-O 14. Rfe1 Qc7 15. Rad1 Nbd7 16. e5 Nd5 17. Nxd5 exd5 18. Nh4 Re8 19. Nf5 Nf8
20. Nd6 Re7 21. f4 Bg4 22. Rc1 Ne6 23. Qf2 Qb6 24. h3 Bh5 25. g4 Qxd4 26. Nf5
Qxd3 27. Nxe7+ Kf8 28. Rc3 Qd4 29. Qxd4 Nxd4 30. Nxd5 cxd5 31. gxh5 Ne6 32. f5
Nf4 33. Rf3 Nxh5 34. Rd1 Rd8 35. Rd4 Ke7 36. Rfd3 g6 37. fxg6 fxg6 38. Rxd5
Rxd5 39. Rxd5 Nf4 40. Rd6 Nxh3+ 41. Kg2 Nf4+ 42. Kf3 Ne6 43. Ke4 h5 44. Rd2 b6
45. b4 Ng5+ 46. Kd5 Nf7 47. e6 Ng5 48. Rg2 Nxe6 49. Re2 h4 50. Rxe6+ Kf7 51.
Ke5 g5 52. Kf5 g4 53. Re4 1-0

[Event "Coupe 2000"]
[Site "?"]
[Date "2012.02.12"]
[Round "1.9"]
[White "Lagache, Yves"]
[Black "Spiette, Jean Michel"]
[Result "1/2-1/2"]
[WhiteElo "1683"]
[BlackElo "1836"]
[Annotator "Rivier,Sylvain"]
[PlyCount "111"]
[EventDate "2012.02.12"]
[SourceDate "2012.02.12"]

{Gambit dame} 1. d4 d5 2. c4 e6 3. Nc3 Nf6 4. Bg5 Be7 5. e3 Nbd7 6. Nf3 a6 7.
Qa4 O-O 8. c5 Ne4 9. Nxe4 dxe4 10. Bxe7 Qxe7 11. Nd2 f5 12. Bc4 Nf6 13. b4 Bd7
14. Qb3 b5 15. cxb6 cxb6 16. b5 axb5 17. Bxb5 Ra3 18. Qb2 Bxb5 19. Qxb5 Rfa8
20. Nc4 Rxa2 21. Rxa2 Rxa2 22. O-O Nd5 23. Nxb6 Nc3 24. Qb3 Ra3 25. Qc4 Kf7 26.
d5 exd5 27. Nxd5 Nxd5 28. Qxd5+ Qe6 29. Qb7+ Kg6 30. Rb1 Ra6 31. g3 Qf6 32. Rb5
Kg5 33. Qxe4 h5 34. Qf4+ Kg6 35. e4 fxe4 36. Qxe4+ Kh6 37. Qe3+ g5 38. h4 Ra1+
39. Kh2 Rh1+ 40. Kxh1 Qc6+ 41. Kh2 Qxb5 42. Qe6+ Kg7 43. Qe7+ Kg6 44. hxg5 h4
45. Qf6+ Kh5 46. Qh6+ Kg4 47. Qxh4+ Kf3 48. Qf4+ Ke2 49. Qe3+ Kf1 50. Qc1+ Kxf2
51. Qf4+ Ke1 52. Qc1+ Kf2 53. Qd2+ Kf3 54. Qd1+ Kf2 55. Qg4 Qb2 56. Kh3 {suite
non notée} 1/2-1/2

[Event "Coupe 2000"]
[Site "?"]
[Date "2012.02.12"]
[Round "1.10"]
[White "Macard, Olivier"]
[Black "Roche, Guy"]
[Result "1-0"]
[WhiteElo "1499"]
[BlackElo "1499"]
[Annotator "Rivier,Sylvain"]
[PlyCount "61"]
[EventDate "2012.02.12"]
[SourceDate "2012.02.12"]

{Partie viennoise} 1. e4 e5 2. Nc3 Nc6 3. Bc4 Nf6 4. f4 Bc5 5. h3 O-O 6. d3 Bd4
7. Nf3 Re8 8. f5 d5 9. Nxd5 h6 10. Nxd4 Nxd4 11. Be3 c5 12. Qd2 Bd7 13. O-O-O
Bc6 14. Nxf6+ Qxf6 15. a3 a6 16. g4 Kh7 17. Qg2 b5 18. Ba2 b4 19. axb4 cxb4 20.
g5 Qe7 21. g6+ fxg6 22. Qxg6+ Kh8 23. Bxd4 exd4 24. Qxc6 Rec8 25. Qd5 Rd8 26.
Qe6 Qc7 27. Rdg1 Rac8 28. Bc4 Rd7 29. Qxa6 Ra8 30. Qxa8+ Kh7 31. Qg8# 1-0

[Event "Coupe 2000"]
[Site "?"]
[Date "2012.02.12"]
[Round "1.11"]
[White "Tornare, Michel"]
[Black "Gurney, Samuel"]
[Result "1-0"]
[WhiteElo "1871"]
[BlackElo "1499"]
[Annotator "Rivier,Sylvain"]
[PlyCount "31"]
[EventDate "2012.02.12"]
[SourceDate "2012.02.12"]

{Partie des quatre cavaliers, variante écossaise} 1. e4 e5 2. Nf3 Nf6 3. Nc3
Nc6 4. d4 exd4 5. Nxd4 Ne5 6. f4 Ng6 7. e5 Ng8 8. Bc4 Bb4 9. O-O Bxc3 10. bxc3
d5 11. exd6 Qxd6 12. f5 N6e7 13. Qh5 Nd5 14. Re1+ Kf8 15. Bg5 f6 16. Re8# 1-0

[Event "Coupe 2000"]
[Site "?"]
[Date "2012.02.12"]
[Round "1.12"]
[White "Hurlot, Rodolphe"]
[Black "Klacar, Baggio"]
[Result "1-0"]
[WhiteElo "1732"]
[BlackElo "1499"]
[Annotator "Rivier,Sylvain"]
[PlyCount "45"]
[EventDate "2012.02.12"]
[SourceDate "2012.02.12"]

{Partie italienne} 1. e4 e5 2. Nf3 Nc6 3. Bc4 b6 4. Nc3 Bb7 5. O-O Bb4 6. a3
Bxc3 7. bxc3 Nge7 8. Re1 O-O 9. d4 Na5 10. Ba2 d5 11. Nxe5 dxe4 12. Bg5 Bd5 13.
Bxe7 Qxe7 14. Bxd5 Rad8 15. Bxe4 Qe6 16. Nf3 Qc4 17. Qd3 Qa4 18. Bxh7+ Kh8 19.
Be4 Rd6 20. Ne5 Nb7 21. Ng4 f5 22. Bxf5 Nc5 23. Qh3+ 1-0

[Event "Coupe 2000"]
[Site "?"]
[Date "2012.02.12"]
[Round "1.13"]
[White "Couradin, Jean Marie"]
[Black "Le Bris, Louis"]
[Result "0-1"]
[WhiteElo "1669"]
[BlackElo "1556"]
[Annotator "Rivier,Sylvain"]
[PlyCount "108"]
[EventDate "2012.02.12"]
[SourceDate "2012.02.12"]

{Défense Alekhine, variante des quatre pions} 1. e4 Nf6 2. e5 Nd5 3. d4 d6 4.
c4 Nb6 5. f4 dxe5 6. fxe5 Nc6 7. Nf3 Bg4 8. Be3 Bxf3 9. gxf3 e6 10. Nc3 Qh4+
11. Bf2 Qf4 12. Be2 O-O-O 13. c5 Bxc5 14. Qc1 Qxc1+ 15. Rxc1 Bxd4 16. Bh4 Rd7
17. f4 Be3 18. Rc2 Nd4 19. Bd3 Nxc2+ 20. Bxc2 Bxf4 21. Nb5 a6 22. Na3 Bxe5 23.
b3 Bd6 24. Nb1 Be7 25. Bf2 Nd5 26. Rg1 Bf6 27. Nd2 Nf4 28. Rg3 Ng6 29. Rh3 Rhd8
30. Ne4 Bd4 31. Bg3 h6 32. a3 f5 33. Nf2 Bxf2+ 34. Bxf2 Rd2 35. Rc3 Rxc2 36.
Rxc2 c6 37. Bb6 Rd5 38. Rg2 Nh4 39. Rxg7 Rb5 40. Rg8+ Kd7 41. Rd8+ Ke7 42. Bc7
Rxb3 43. Rh8 Nf3+ 44. Kf2 Nd2 45. Rxh6 Ne4+ 46. Ke2 Nc3+ 47. Kd2 Nd5 48. Rh7+
Kf6 49. Bd6 Kg6 50. Rd7 Rb5 51. a4 Nf6 52. axb5 Nxd7 53. bxa6 bxa6 54. Kc3 Kg5
0-1

[Event "Coupe 2000"]
[Site "?"]
[Date "2012.02.12"]
[Round "1.14"]
[White "Strand, Hakan"]
[Black "Dicanot, David"]
[Result "0-1"]
[WhiteElo "1499"]
[BlackElo "1937"]
[Annotator "Rivier,Sylvain"]
[PlyCount "82"]
[EventDate "2012.02.12"]
[SourceDate "2012.02.12"]

{Défense Grünfeld, variante des trois cavaliers} 1. Nf3 Nf6 2. c4 g6 3. Nc3 d5
4. Qa4+ Bd7 5. Qb3 dxc4 6. Qxc4 Bg7 7. e4 O-O 8. d4 a6 9. Qb3 b5 10. Be2 Bc6
11. d5 Bb7 12. O-O c6 13. Rd1 cxd5 14. Bg5 Nfd7 15. Nxd5 Bxd5 16. Rxd5 Qb6 17.
Rc1 Nf6 18. Be3 Qb7 19. Rdc5 Nbd7 20. Rc7 Qxe4 21. Ng5 Qf5 22. Bf3 Rad8 23. Bb7
a5 24. Ba6 h6 25. Nf3 Nd5 26. Nd4 Bxd4 27. Bxd4 Nxc7 28. Bb7 Nf6 29. h3 Rxd4
30. Rxc7 Rd3 31. Qc2 Rfd8 32. Bf3 Qe5 33. Rc5 Qb8 34. b3 Rd2 35. Qb1 Qb6 36. b4
Kg7 37. Qb3 a4 38. Qb1 a3 39. Qb3 R8d3 40. Qb1 Qb8 41. Kh1 Qd6 0-1

[Event "Coupe 2000"]
[Site "?"]
[Date "2012.02.12"]
[Round "2.1"]
[White "Forissier, Nicolas"]
[Black "Maufras, Jerome"]
[Result "1-0"]
[WhiteElo "1982"]
[BlackElo "1962"]
[Annotator "Rivier,Sylvain"]
[PlyCount "64"]
[EventDate "2012.02.12"]
[SourceDate "2012.02.12"]

{Défense Caro-Kann, attaque Panov} 1. d4 d5 2. c4 e6 3. Nc3 Nf6 4. Nf3 c5 5. e3
cxd4 6. exd4 Bb4 7. Bd2 O-O 8. c5 b6 9. a3 Bxc3 10. Bxc3 bxc5 11. dxc5 Ne4 12.
Bd4 Nc6 13. b4 Nxd4 14. Qxd4 e5 15. Nxe5 Re8 16. Bb5 Re6 17. O-O Qg5 18. f4 Qf6
19. Qxd5 Rb8 20. Bd7 Nc3 21. Qd3 Bxd7 22. Nxd7 Qd8 23. Qxc3 Qxd7 24. Rad1 Qc6
25. Qd3 h6 26. f5 Ree8 27. Qd7 Qa6 28. c6 Rbc8 29. Rc1 Qxa3 30. b5 Qe3+ 31. Kh1
Red8 32. Qb7 Rb8 1-0

[Event "Coupe 2000"]
[Site "?"]
[Date "2012.02.12"]
[Round "2.2"]
[White "Barthomier, Gilles"]
[Black "Branson, James"]
[Result "0-1"]
[WhiteElo "1860"]
[BlackElo "1732"]
[Annotator "Rivier,Sylvain"]
[PlyCount "70"]
[EventDate "2012.02.12"]
[SourceDate "2012.02.12"]

{Défense des deux cavaliers} 1. e4 e5 2. Nf3 Nc6 3. Bc4 Be7 4. Nc3 Nf6 5. O-O
O-O 6. d3 d6 7. a3 Bg4 8. Be3 Nd4 9. Bxd4 exd4 10. Ne2 Bxf3 11. gxf3 d5 12.
exd5 Nxd5 13. Bxd5 Qxd5 14. Ng3 Bd6 15. Kg2 Rae8 16. Qd2 Re6 17. Rae1 Rg6 18.
Re4 f5 19. c4 dxc3 20. bxc3 fxe4 21. fxe4 Qg5 22. Qa2+ Kh8 23. d4 Qf4 24. e5
Qf3+ 25. Kg1 Be7 26. Re1 Bh4 27. Re3 Qd1+ 28. Kg2 Bxg3 29. Rxg3 Qf3+ 30. Kg1
Rxg3+ 31. hxg3 Qxc3 32. e6 Qe1+ 33. Kg2 Re8 34. d5 Qe4+ 35. Kg1 c6 0-1

[Event "Coupe 2000"]
[Site "?"]
[Date "2012.02.12"]
[Round "2.3"]
[White "Kurz, Rainer"]
[Black "Konopka, Jeremiasz"]
[Result "0-1"]
[WhiteElo "1499"]
[BlackElo "1957"]
[Annotator "Rivier,Sylvain"]
[PlyCount "36"]
[EventDate "2012.02.12"]
[SourceDate "2012.02.12"]

{Ouverture anglaise, défense anglo-Grünfeld} 1. c4 Nf6 2. Nc3 g6 3. e4 d6 4. f4
c5 5. Nf3 Nc6 6. Be2 Bg7 7. b3 Nxe4 8. Rb1 Bxc3 9. Qc2 Bg7 10. Qxe4 Bf5 11.
Qxc6+ bxc6 12. d3 Qa5+ 13. Bd2 Qxa2 14. O-O O-O 15. Rfd1 Rab8 16. b4 cxb4 17.
Rxb4 Rxb4 18. Bxb4 Qxe2 0-1

[Event "Coupe 2000"]
[Site "?"]
[Date "2012.02.12"]
[Round "2.4"]
[White "Degremont, Patrick"]
[Black "Girault, Christian"]
[Result "0-1"]
[WhiteElo "1958"]
[BlackElo "1937"]
[Annotator "Rivier,Sylvain"]
[PlyCount "48"]
[EventDate "2012.02.12"]
[SourceDate "2012.02.12"]

{Partie des quatre cavaliers, variante espagnole} 1. e4 e5 2. Nf3 Nf6 3. Nc3
Nc6 4. Bb5 Bc5 5. d3 d6 6. Bg5 h6 7. Be3 Bb6 8. Nd5 Bxe3 9. fxe3 a6 10. Ba4 b5
11. Bb3 Na5 12. O-O Nxb3 13. axb3 c6 14. Nxf6+ Qxf6 15. d4 Qe7 16. d5 c5 17.
Qe1 O-O 18. Qg3 f5 19. exf5 Bxf5 20. c4 Bd3 21. Rfc1 e4 22. Nd2 Qf6 23. Ra2 b4
24. h3 Ra7 0-1

[Event "Coupe 2000"]
[Site "?"]
[Date "2012.02.12"]
[Round "2.5"]
[White "Bouvier, Clement"]
[Black "Delpech, Olivier"]
[Result "1-0"]
[WhiteElo "1850"]
[BlackElo "1714"]
[Annotator "Rivier,Sylvain"]
[PlyCount "63"]
[EventDate "2012.02.12"]
[SourceDate "2012.02.12"]

{Défense sicilienne, gambit Morra} 1. e4 c5 2. d4 cxd4 3. c3 dxc3 4. Nxc3 Nc6
5. Nf3 g6 6. Bc4 Bg7 7. O-O d6 8. Qe2 Bg4 9. Bxf7+ Kd7 10. Bb3 Nf6 11. h3 Bxf3
12. Qxf3 Qa5 13. Rd1 Rhd8 14. Qe2 a6 15. Be3 b5 16. Rac1 Rdc8 17. f4 Ke8 18.
Be6 Rc7 19. a3 b4 20. axb4 Nxb4 21. Nd5 Nfxd5 22. exd5 Nxd5 23. Rxd5 Rxc1+ 24.
Bxc1 Qb6+ 25. Be3 Qb7 26. Rd2 Bf6 27. f5 Kf8 28. Bd5 Qc8 29. Rc2 Qxf5 30. Bh6+
Bg7 31. Be6 Qxe6 32. Qxe6 {suite illisible} 1-0

[Event "Coupe 2000"]
[Site "?"]
[Date "2012.02.12"]
[Round "2.6"]
[White "Roux, Jean Luc"]
[Black "Leclerc, Arnaud"]
[Result "1/2-1/2"]
[WhiteElo "1846"]
[BlackElo "1910"]
[Annotator "Rivier,Sylvain"]
[PlyCount "105"]
[EventDate "2012.02.12"]
[SourceDate "2012.02.12"]

{Gambit Letton} 1. e4 e5 2. Nf3 f5 3. exf5 e4 4. Qe2 Qe7 5. Nd4 Nf6 6. d3 c5 7.
Nb3 exd3 8. Qxe7+ Bxe7 9. Bxd3 O-O 10. c4 Nc6 11. O-O Nb4 12. Rd1 d5 13. cxd5
Nxd3 14. Rxd3 c4 15. Re3 Nxd5 16. Nd4 Nxe3 17. Bxe3 Bxf5 18. Nxf5 Rxf5 19. Nc3
a6 20. Re1 Kf7 21. f3 Re5 22. Ne4 Rd8 23. Kf2 Rd3 24. Re2 Ra5 25. Nc3 Bb4 26.
Bb6 Bxc3 27. bxc3 Rh5 28. Bd4 Rxh2 29. Rb2 b5 30. a4 Rh5 31. axb5 Rxb5 32. Ra2
a5 33. Ra4 Rb2+ 34. Kg3 Rdd2 35. Rxa5 Rxg2+ 36. Kf4 Rbe2 37. Rc5 Ke6 38. Rc6+
Kd5 39. Rc5+ Kd6 40. Rxc4 g5+ 41. Kf5 h5 42. Bf6 g4 43. Rd4+ Kc5 44. fxg4 Ref2+
45. Rf4 Rxf4+ 46. Kxf4 Rf2+ 47. Kg5 Rxf6 48. gxh5 Rc6 49. h6 Kd5 50. h7 Rc8 51.
Kg6 Ke6 52. Kg7 Rc7+ 53. Kg8 1/2-1/2

[Event "Coupe 2000"]
[Site "?"]
[Date "2012.02.12"]
[Round "2.7"]
[White "Wyler, Luc"]
[Black "Galtier, Antoine"]
[Result "0-1"]
[WhiteElo "1499"]
[BlackElo "1799"]
[Annotator "Rivier,Sylvain"]
[PlyCount "71"]
[EventDate "2012.02.12"]
[SourceDate "2012.02.12"]

{Défense sicilienne, variante Rossolimo} 1. e4 c5 2. Nf3 d6 3. Bc4 Nf6 4. Nc3
g6 5. O-O Bg7 6. d3 Nc6 7. Re1 O-O 8. h3 a6 9. Be3 b5 10. Bd5 Nxd5 11. exd5 Nd4
12. Bxd4 cxd4 13. Ne2 Bb7 14. Nexd4 Bxd5 15. c3 Qd7 16. Qe2 e5 17. Nc2 Qb7 18.
Nb4 Bxf3 19. Qxf3 Qxf3 20. gxf3 f5 21. Nd5 Rf7 22. f4 Re8 23. d4 Kf8 24. fxe5
dxe5 25. a4 Rd8 26. Nb4 exd4 27. cxd4 Rxd4 28. Nxa6 bxa4 29. Rab1 Rd2 30. Red1
Rxb2 31. Rxb2 Bxb2 32. Rb1 a3 33. Nb4 Rd7 34. Na2 Rd3 35. Nb4 Rxh3 36. Kg2 {
suite non notée} 0-1

[Event "Coupe 2000"]
[Site "?"]
[Date "2012.02.12"]
[Round "2.8"]
[White "Spiette, Jean Michel"]
[Black "Macard, Olivier"]
[Result "0-1"]
[WhiteElo "1836"]
[BlackElo "1499"]
[Annotator "Rivier,Sylvain"]
[PlyCount "76"]
[EventDate "2012.02.12"]
[SourceDate "2012.02.12"]

{Défense sicilienne, variante Alapine} 1. e4 c5 2. Nf3 Nc6 3. c3 Nf6 4. e5 Nd5
5. d4 cxd4 6. cxd4 e6 7. Bd2 d6 8. Bb5 Qb6 9. Nc3 Nxc3 10. Bxc6+ bxc6 11. Bxc3
Ba6 12. Ng5 dxe5 13. Qf3 Qc7 14. Nxf7 e4 15. Qxe4 Kxf7 16. h4 Be7 17. Rh3 Bc4
18. Rg3 Bd5 19. Qg4 Bf6 20. Kf1 Qe7 21. a3 a5 22. Re1 Rhe8 23. Qf4 Kg8 24. Rh3
Ra7 25. g4 Qc7 26. Qe3 Qf7 27. g5 Bd8 28. h5 Qf5 29. Rg3 Rae7 30. Qd2 Bc7 31.
Re5 Bxe5 32. dxe5 Qb1+ 33. Ke2 Bc4+ 34. Ke3 Qf5 35. f4 Bd5 36. Rg1 Qe4+ 37. Kf2
Rd7 38. Qe1 Red8 {suite non notée} 0-1

[Event "Coupe 2000"]
[Site "?"]
[Date "2012.02.12"]
[Round "2.9"]
[White "Mongey, Alain"]
[Black "Tornare, Michel"]
[Result "0-1"]
[WhiteElo "1698"]
[BlackElo "1871"]
[Annotator "Rivier,Sylvain"]
[PlyCount "68"]
[EventDate "2012.02.12"]
[SourceDate "2012.02.12"]

{Partie du pion dame, variante Tartacover} 1. d4 Nf6 2. Bg5 e6 3. Nf3 h6 4. Bh4
c5 5. e3 d5 6. c3 Nc6 7. Nbd2 Be7 8. Bd3 O-O 9. O-O a6 10. dxc5 Bxc5 11. Nb3
Be7 12. Nbd4 Nxd4 13. exd4 Ne4 14. Bxe7 Qxe7 15. Re1 Nd6 16. Qc2 b5 17. Ne5 Nc4
18. Nxc4 bxc4 19. Be2 Bb7 20. Bf3 a5 21. Re3 Qd6 22. Rae1 Bc6 23. Bg4 Bd7 24.
Rg3 Qf4 25. Qe2 Rab8 26. Bh5 Rb6 27. Qc2 Qf5 28. Qxf5 exf5 29. Rb1 Rfb8 30. Re3
Rxb2 31. Rbe1 Rxa2 32. Bxf7+ Kxf7 33. Re7+ Kf6 34. Rxd7 Rbb2 {suite non notée}
0-1

[Event "Coupe 2000"]
[Site "?"]
[Date "2012.02.12"]
[Round "2.10"]
[White "Roche, Guy"]
[Black "Lagache, Yves"]
[Result "0-1"]
[WhiteElo "1499"]
[BlackElo "1683"]
[Annotator "Rivier,Sylvain"]
[PlyCount "58"]
[EventDate "2012.02.12"]
[SourceDate "2012.02.12"]

{Ouverture du pion dame} 1. d4 Nf6 2. Nf3 a6 3. h3 c5 4. c4 cxd4 5. Nxd4 g6 6.
e3 Bg7 7. Bd2 e5 8. Nc2 Nc6 9. Bc3 Ne4 10. Bd3 Nxc3 11. Nxc3 O-O 12. O-O d6 13.
Be4 Be6 14. Bd5 Qe7 15. e4 Rad8 16. a3 Na5 17. Nb4 Nxc4 18. Qe2 Nb6 19. Qd3 a5
20. Nc2 Nxd5 21. Nxd5 Qg5 22. Qg3 Qxg3 23. fxg3 Bxd5 24. exd5 f5 25. Rad1 Rc8
26. Ne1 e4 27. b4 axb4 28. Rb1 Bd4+ 29. Kh1 bxa3 {suite non notée} 0-1

[Event "Coupe 2000"]
[Site "?"]
[Date "2012.02.12"]
[Round "2.11"]
[White "Le Bris, Louis"]
[Black "Tache, Benjamin"]
[Result "0-1"]
[WhiteElo "1798"]
[BlackElo "1960"]
[Annotator "Rivier,Sylvain"]
[PlyCount "74"]
[EventDate "2012.02.12"]
[SourceDate "2012.02.12"]

{Défense sicilienne, système fermé} 1. e4 c5 2. Nc3 g6 3. f4 Bg7 4. Nf3 Nc6 5.
g3 e6 6. Bg2 d5 7. e5 Nge7 8. O-O a6 9. Ne2 O-O 10. h3 f6 11. exf6 Bxf6 12. Kh2
d4 13. d3 Nd5 14. Re1 Qd6 15. Bd2 e5 16. Qc1 Bf5 17. g4 Bd7 18. fxe5 Bxe5+ 19.
Nxe5 Nxe5 20. Kh1 Bxg4 21. Ng1 Bf3 22. Bh6 Bxg2+ 23. Kxg2 Rf5 24. Qd2 Qc6 25.
Kh2 Qf6 26. Kh1 g5 27. Qg2 Nf7 28. Rf1 Nf4 29. Qxb7 Rd8 30. Bxg5 Qxg5 31. Ne2
Nxe2 32. Rxf5 Ng3+ 33. Kh2 Qxf5 34. Kxg3 Kh8 35. Kh2 Rg8 36. Qe7 Qf2+ 37. Kh1
Qg3 0-1

[Event "Coupe 2000"]
[Site "?"]
[Date "2012.02.12"]
[Round "2.12"]
[White "Dicanot, David"]
[Black "Feingold, Benno"]
[Result "1-0"]
[WhiteElo "1937"]
[BlackElo "1499"]
[Annotator "Rivier,Sylvain"]
[PlyCount "40"]
[EventDate "2012.02.12"]
[SourceDate "2012.02.12"]

{Partie viennoise} 1. e4 e5 2. f4 exf4 3. Nf3 Nc6 4. Nc3 Bc5 5. Bc4 h6 6. d4
Bb4 7. Bxf4 Na5 8. Qd3 d6 9. O-O Ne7 10. Nd5 Nxc4 11. Qxc4 Ba5 12. Nxe7 Qxe7
13. Qa4+ c6 14. Qxa5 O-O 15. e5 d5 16. Bd2 f6 17. exf6 Qxf6 18. Ne5 Qe6 19.
Rae1 Qe8 20. Qc3 Bf5 {suite illisible} 1-0